August mortgage lending weak (Record no. 118028)

MARC details
000 -LEADER
fixed length control field 01106cam a2200229 4500
001 - CONTROL NUMBER
control field WB@3612-419
008 - FIXED-LENGTH DATA ELEMENTS--GENERAL INFORMATION
fixed length control field 040922n2004 000 0 eng u
035 ## - SYSTEM CONTROL NUMBER
System control number (Sirsi) u127475
245 ## - TITLE STATEMENT
Title August mortgage lending weak
260 ## - PUBLICATION, DISTRIBUTION, ETC.
Date of publication, distribution, etc. 2004
490 ## - SERIES STATEMENT
Series statement British Bankers Association Press Release
Volume/sequential designation (August 2004) 20 September 2004 (8)
520 ## - SUMMARY, ETC.
Summary, etc. The latest figures from the "Major British Banking Groups: August 2004" show that despite mortgage lending rising by £4.4bn in August 2004; this was the weakest figure since June 2002. Growth in total unsecured personal lending at +£1.2bn was slightly above the recent average, with the demand for structured personal loans (+£9.6bn) increasing. Overall, total sterling lending to the UK private sector showed an underlying net increase of £13.6bn to £1 024.1bn. http://www.bba.org.uk/bba/jsp/polopoly.jsp?d=145&a =4486
590 ## - LOCAL NOTE (RLIN)
Local note WB
590 ## - LOCAL NOTE (RLIN)
Local note WB
650 ## - SUBJECT ADDED ENTRY--TOPICAL TERM
Topical term or geographic name entry element MORTGAGE MARKET
650 ## - SUBJECT ADDED ENTRY--TOPICAL TERM
Topical term or geographic name entry element MORTGAGE LENDING
650 ## - SUBJECT ADDED ENTRY--TOPICAL TERM
Topical term or geographic name entry element REMORTGAGING
650 ## - SUBJECT ADDED ENTRY--TOPICAL TERM
Topical term or geographic name entry element STATISTICS
650 ## - SUBJECT ADDED ENTRY--TOPICAL TERM
Topical term or geographic name entry element BANK LENDING
690 ## - LOCAL SUBJECT ADDED ENTRY--TOPICAL TERM (OCLC, RLIN)
Topical term or geographic name as entry element HOUSING-FINANCE
942 ## - ADDED ENTRY ELEMENTS (KOHA)
Suppress in OPAC 0
Holdings
Withdrawn status Lost status Source of classification or shelving scheme Damaged status Not for loan Home library Current library Shelving location Date acquired Total Checkouts Full call number Barcode Date last seen Copy number Price effective from Koha item type
    Dewey Decimal Classification     London London News article 22/09/2004   WB4036-04 127475-1001 06/08/2019 1 06/08/2019 News article